Score 0/25 Timer 07:00
4 Plays Today
% Correct
Spider-Man
94.9%
Hulk
94.8%
Captain America
94.5%
Iron Man
94.1%
Thor
93.5%
Daredevil
92.3%
Doctor Strange
91.4%
Wasp
90.8%
Ant-Man
89.7%
Wolverine
89.1%
Thing
88.6%
Black Panther
85.2%
Hawkeye
83.9%
% Correct
Human Torch
82.3%
Mister Fantastic
80.7%
Cyclops
80.3%
Vision
79.9%
Invisible Woman
79%
Ghost Rider
78.7%
Captain Marvel
78.3%
Storm
77.2%
She-Hulk
72.9%
Scarlet Witch
69.7%
Nightcrawler
66.4%
Jean Grey
60.4%
Remove Ads.
Support Sporcle.
Get the best of Sporcle when you Go Orange. This ad-free experience offers more features, more stats, and more fun while also helping to support Sporcle. Thank you for becoming a member.

You're not logged in!

Compare scores with friends on all Sporcle quizzes.
OR
Log In

Sporcle TV

Today on Sporcle TV


Watch our educational content, quiz creation guides, and fun videos on Sporcle TV.

Show Comments

Extras

Top Quizzes Today


Score Distribution

Paid Content

Your Account Isn't Verified!

In order to create a playlist on Sporcle, you need to verify the email address you used during registration. Go to your Sporcle Settings to finish the process.

Report this User

Report this user for behavior that violates our Community Guidelines.

Details: